| 000 | 00422cam a2200169ua 4500 | ||
|---|---|---|---|
| 020 | _c1.50 | ||
| 041 |
_amal _h |
||
| 082 |
_a894.8122 _bKRI/SI |
||
| 100 | _aKrishna , Pillai . | ||
| 245 |
_aSita lekshmi / _cKrishna pillai. _hTextual Documents |
||
| 260 |
_aQuilon : _bSree Rama Vilasam Press & Book Depot , _c1968. |
||
| 300 | _a148 ; . | ||
| 365 | _a1.50 | ||
| 504 | _a | ||
| 942 | _cBK | ||
| 999 |
_c12789 _d12789 |
||